| 000 | 00402nam a2200157Ia 4500 | ||
|---|---|---|---|
| 008 | 210716s1995 xx 000 0 und d | ||
| 020 | _a0538877960 | ||
| 041 | _aeng | ||
| 082 | _a657.0285 HALJ | ||
| 100 | _aHall, James A. | ||
| 245 | _aAccounting information systems. | ||
| 250 | _a2 | ||
| 260 |
_aOhio _bSouth western college publishing _c1995 |
||
| 300 | _axxii,797 | ||
| 650 | _aAccounting(657) | ||
| 999 |
_c203053 _d203053 |
||